X AM IDEA BIOLOGY (Record no. 720)
[ view plain ]
| 000 -LEADER | |
|---|---|
| fixed length control field | 00485nam a22001457a 4500 |
| 020 ## - INTERNATIONAL STANDARD BOOK NUMBER | |
| ISBN | 938142060-2 |
| 082 ## - DEWEY DECIMAL CLASSIFICATION NUMBER | |
| Classification number | 574 |
| Item number | GLO/B |
| 100 ## - MAIN ENTRY--AUTHOR NAME | |
| Personal name | VK GLOBAL |
| 245 ## - TITLE STATEMENT | |
| Title | X AM IDEA BIOLOGY |
| Remainder of title | CLASS XII |
| 260 ## - PUBLICATION, DISTRIBUTION, ETC. (IMPRINT) | |
| Place of publication | DELHI |
| Name of publisher | V K GLOBAL PUBLICATIONS |
| Year of publication | 2014 |
| 300 ## - PHYSICAL DESCRIPTION | |
| Number of Pages | 640 |
| 520 ## - SUMMARY, ETC. | |
| Summary, etc | BASIC CONCEPTS, PROFICIENCY EXERCISE, VALUE BASED QUESTIONS, MODEL QUESTION PAPERS, NCERT & PREVIOUS YEARS' QUESTION ANSWER, CBSE 2014 SOLVED EXAMINATION |
| 650 ## - SUBJECT ADDED ENTRY--TOPICAL TERM | |
| Topical Term | BIOLOGY FOR CLASS XII |
| Geographic subdivision | INDIA |
| 942 ## - ADDED ENTRY ELEMENTS (KOHA) | |
| Koha item type | Books |
| Withdrawn status | Lost status | Collection code | Home library | Current library | Shelving location | Date acquired | Source of acquisition | Full call number | Accession Number | Koha item type |
|---|---|---|---|---|---|---|---|---|---|---|
| Reference | Main Library | Main Library | SHELF-9 E XII BIOLOGY | 17/09/2014 | purchase | 574 GLO/B | 09505 | Books |